[Event "Wch Blitz (Women)"]
[Site "St Petersburg"]
[Date "2018.12.29"]
[Round "8"]
[White "Tomilova, Elena"]
[Black "Sirotkina, Nina"]
[Result "0-1"]
[WhiteElo "2338"]
[BlackElo "2188"]
[PlyCount "76"]
[EventDate "2018.12.29"]
[EventType "swiss (blitz)"]
[EventRounds "17"]
[EventCountry "RUS"]
[SourceTitle "CBM 187 Extra"]
[Source "ChessBase"]
[SourceDate "2018.11.04"]
[SourceVersion "1"]
[SourceVersionDate "2018.11.04"]
[SourceQuality "1"]

1. c4 e6 2. Nf3 d5 3. b3 Nf6 4. g3 Be7 5. Bb2 0-0 6. Bg2 c5 7. cxd5 Nxd5 8. 0-0 Bf6 9. Nc3 Nc6 10. Rc1 b6 11. e3 Ba6 12. Re1 Ndb4 13. Nh4 Rc8 14. d4 Nd3 15. Rc2 Nxe1 16. Qxe1 cxd4 17. Ne4 Bxh4 18. gxh4 Qxh4 19. exd4 Ne7 20. Rd2 Nd5 21. Ba3 Rfd8 22. Nd6 Rc6 23. Qe5 Qf6 24. Qxf6 gxf6 25. Ne4 f5 26. Ng5 Rc3 27. h4 Nf4 28. Bh1 h6 29. Nf3 Bb7 30. Bb2 Rd3 31. Rxd3 Nxd3 32. Bc3 Rc8 33. Bd2 Rc2 34. Bxh6 Nxf2 35. Bg2 Ng4 36. Bf4 Rxa2 37. h5 Ra1+ 38. Bf1 Bxf3 0-1

[Event "Wch Seniors 50 (Women) 28th"]
[Site "Bled"]
[Date "2018.11.25"]
[Round "7"]
[White "Burchardt, Brigitte"]
[Black "Sirotkina, Nina"]
[Result "1/2-1/2"]
[WhiteElo "2200"]
[BlackElo "2188"]
[PlyCount "105"]
[EventDate "2018.11.18"]
[EventType "swiss"]
[EventRounds "11"]
[EventCountry "SLO"]
[SourceTitle "CBM 187 Extra"]
[Source "ChessBase"]
[SourceDate "2018.11.04"]
[SourceVersion "1"]
[SourceVersionDate "2018.11.04"]
[SourceQuality "1"]

1. e4 c5 2. Nc3 Nc6 3. g3 g6 4. Bg2 Bg7 5. d3 d6 6. Be3 e5 7. Nge2 Nge7 8. 0-0 0-0 9. f4 exf4 10. Nxf4 f5 11. Rb1 Kh8 12. Ncd5 Bd7 13. c3 Rb8 14. Kh1 b5 15. b4 cxb4 16. cxb4 Nd4 17. Nxe7 Qxe7 18. Nd5 Qd8 19. Qd2 Be6 20. Nf4 Bd7 21. Qf2 Nc6 22. Qg1 a6 23. exf5 Rxf5 24. Nd5 Ne5 25. Be4 Rxf1 26. Rxf1 Bc6 27. Bd4 Qd7 28. Qe3 Qb7 29. Nc3 Re8 30. Kg1 Ng4 31. Bxg7+ Qxg7 32. Qb6 Bxe4 33. Nxe4 Qb2 34. Nf2 Nxf2 35. Qxf2 Qxf2+ 36. Kxf2 Rc8 37. Ke3 Kg7 38. Rf2 Re8+ 39. Kd4 Re5 40. g4 h5 41. h3 hxg4 42. hxg4 Rg5 43. Rf4 Re5 44. Re4 Rg5 45. Ke3 Kf6 46. d4 a5 47. a3 axb4 48. axb4 Kf7 49. Rf4+ Ke7 50. Ke4 Ke6 51. Kd3 Ke7 52. Ke3 Ke6 53. Ke4 1/2-1/2

[Event "Wch Seniors 50 (Women) 28th"]
[Site "Bled"]
[Date "2018.11.20"]
[Round "3"]
[White "Novak, Simona"]
[Black "Sirotkina, Nina"]
[Result "0-1"]
[WhiteElo "1699"]
[BlackElo "2188"]
[PlyCount "64"]
[EventDate "2018.11.18"]
[EventType "swiss"]
[EventRounds "11"]
[EventCountry "SLO"]
[SourceTitle "CBM 187 Extra"]
[Source "ChessBase"]
[SourceDate "2018.11.04"]
[SourceVersion "1"]
[SourceVersionDate "2018.11.04"]
[SourceQuality "1"]

1. e4 c5 2. Nf3 e6 3. Nc3 Nc6 4. d4 cxd4 5. Nxd4 d6 6. Be3 Nf6 7. f3 Be7 8. Qd2 0-0 9. 0-0-0 d5 10. exd5 Nxd5 11. Nxd5 exd5 12. Kb1 Ne5 13. Bf4 Bf6 14. h4 Qb6 15. Bxe5 Bxe5 16. c3 Qf6 17. Bd3 a6 18. Nc2 b5 19. Qf2 Rb8 20. a3 a5 21. Qa7 Qb6 22. Qxb6 Rxb6 23. Ne3 Be6 24. Nxd5 Bxd5 25. Bxh7+ Kxh7 26. Rxd5 Bf6 27. Rhd1 b4 28. cxb4 axb4 29. axb4 Rxb4 30. R1d2 Rfb8 31. Kc1 Rxh4 32. Rd7 Bg5 0-1

[Event "Wch Seniors 50 (Women) 28th"]
[Site "Bled"]
[Date "2018.11.19"]
[Round "2"]
[White "Sirotkina, Nina"]
[Black "Ankudinova, Elena"]
[Result "0-1"]
[WhiteElo "2188"]
[BlackElo "2107"]
[PlyCount "112"]
[EventDate "2018.11.18"]
[EventType "swiss"]
[EventRounds "11"]
[EventCountry "SLO"]
[SourceTitle "CBM 187 Extra"]
[Source "ChessBase"]
[SourceDate "2018.11.04"]
[SourceVersion "1"]
[SourceVersionDate "2018.11.04"]
[SourceQuality "1"]

1. d4 d5 2. Bf4 Nf6 3. e3 g6 4. c4 Bg7 5. Nc3 dxc4 6. Bxc4 0-0 7. Nf3 a6 8. a4 c5 9. d5 Nh5 10. Bg5 h6 11. Bh4 g5 12. Nd2 Nf6 13. Bg3 Bf5 14. 0-0 Nbd7 15. a5 Bg6 16. f4 gxf4 17. exf4 b5 18. axb6 Nxb6 19. f5 Bh5 20. Qb3 Ng4 21. Rfe1 Bd4+ 22. Kh1 Nxc4 23. Qxc4 Ne3 24. Qd3 Nxd5 25. Be5 Bxe5 26. Rxe5 Nf6 27. Qg3+ Kh7 28. Nde4 Rg8 29. Qh4 Rg4 30. Nxf6+ exf6 31. Qxh5 Rg5 32. Qxf7+ Rg7 33. Qe6 fxe5 34. Qxe5 Qg5 35. Qe4 Re8 36. Qf3 Re3 37. Qf2 Re5 38. h3 Qxf5 39. Qd2 Rd7 40. Qc1 Rd6 41. Qg1 Rf6 42. Rd1 Qf2 43. Rd7+ Kg6 44. Qb1+ Qf5 45. Qxf5+ Rfxf5 46. Rd6+ Rf6 47. Rd8 Rf2 48. Rd6+ Kg5 49. h4+ Kxh4 50. Rxh6+ Kg5 51. Rxa6 Rxb2 52. Rc6 Rc2 53. Nb5 Kf4 54. Rf6+ Rf5 55. Rh6 Kg4 56. Rg6+ Rg5 0-1

[Event "RUS-ch blitz (Women)"]
[Site "Sochi"]
[Date "2018.10.07"]
[Round "1.2"]
[White "Kashlinskaya, Alina"]
[Black "Sirotkina, Nina"]
[Result "0-1"]
[WhiteElo "2447"]
[BlackElo "2188"]
[PlyCount "138"]
[EventDate "2018.10.07"]
[EventType "swiss (blitz)"]
[EventRounds "20"]
[EventCountry "RUS"]
[SourceTitle "CBM 186 Extra"]
[Source "ChessBase"]
[SourceDate "2018.08.24"]
[SourceVersion "1"]
[SourceVersionDate "2018.08.24"]
[SourceQuality "1"]

1. d4 Nf6 2. c4 e6 3. Nc3 d5 4. cxd5 exd5 5. Bg5 c6 6. e3 Be7 7. Qc2 0-0 8. Bd3 Nbd7 9. Nge2 Re8 10. 0-0 Nf8 11. f3 g6 12. Rad1 Ne6 13. Bh4 Ng7 14. e4 Be6 15. Qd2 Nd7 16. Bxe7 Qxe7 17. Rde1 Rad8 18. Qh6 Qf8 19. Nf4 Nf6 20. Qh4 Nfh5 21. Nxh5 Nxh5 22. e5 Ng7 23. g4 Qb4 24. Qf2 b6 25. a3 Qf8 26. b4 f5 27. Ne2 f4 28. Qh4 Qf7 29. Qf6 Rf8 30. g5 Nh5 31. Qxf7+ Rxf7 32. Rc1 Bd7 33. Rc3 Ng7 34. Rfc1 Ne6 35. h4 Ra8 36. Kf2 a5 37. h5 Kg7 38. hxg6 hxg6 39. Rh1 axb4 40. axb4 Ra2 41. Rh6 Nxd4 42. Rxg6+ Kf8 43. Rd6 Bf5 44. e6 Bxe6 45. Ke1 Nxe2 46. Bxe2 Bd7 47. Kf1 Rh7 48. Ke1 Rh1+ 49. Bf1 Ra1+ 50. Kd2 Rhxf1 51. Rxd7 Rfd1+ 52. Ke2 Re1+ 53. Kf2 Rf1+ 54. Kg2 Rg1+ 55. Kf2 Rgf1+ 56. Kg2 Rg1+ 57. Kf2 Rgf1+ 58. Ke2 Rfe1+ 59. Kd2 Rad1+ 60. Kc2 Rc1+ 61. Kb2 Rxc3 62. Kxc3 Re3+ 63. Kd4 Rxf3 64. Ke5 Rb3 65. Kf6 Ke8 66. Rh7 f3 67. g6 f2 68. Rh1 Rf3+ 69. Ke6 f1Q 0-1

[Event "RUS-ch blitz (Women)"]
[Site "Sochi"]
[Date "2018.10.07"]
[Round "6.4"]
[White "Sirotkina, Nina"]
[Black "Tomilova, Elena"]
[Result "1-0"]
[WhiteElo "2188"]
[BlackElo "2328"]
[PlyCount "102"]
[EventDate "2018.10.07"]
[EventType "swiss (blitz)"]
[EventRounds "20"]
[EventCountry "RUS"]
[SourceTitle "CBM 186 Extra"]
[Source "ChessBase"]
[SourceDate "2018.08.24"]
[SourceVersion "1"]
[SourceVersionDate "2018.08.24"]
[SourceQuality "1"]

1. d4 d5 2. Bf4 Nf6 3. e3 c5 4. c3 Nc6 5. Nd2 e6 6. Ngf3 Be7 7. h3 0-0 8. Bd3 c4 9. Bc2 b5 10. e4 a5 11. e5 Nd7 12. a3 Bb7 13. 0-0 b4 14. axb4 axb4 15. Rxa8 Qxa8 16. Ng5 Bxg5 17. Bxg5 f5 18. exf6 Nxf6 19. Qe2 Bc8 20. Nf3 bxc3 21. bxc3 Qa5 22. Qe3 Ne7 23. Ne5 Nf5 24. Bxf5 exf5 25. Nc6 Qc7 26. Bxf6 gxf6 27. Nb4 Qd6 28. Re1 f4 29. Qe7 Qxe7 30. Rxe7 Rd8 31. f3 Bf5 32. Kf2 Bg6 33. Rc7 Bf7 34. Ra7 Rd6 35. g3 fxg3+ 36. Kxg3 Kg7 37. h4 h5 38. Kf4 Kg6 39. Nc2 Rd8 40. Ne3 Be6 41. Ra6 Re8 42. Rd6 Bf7 43. Nxd5 Bxd5 44. Rxd5 Re2 45. Rc5 Rh2 46. Kg3 Rd2 47. Rxc4 Rd3 48. Rc5 f5 49. Kf4 Rd1 50. Rc6+ Kg7 51. Kxf5 Rh1 1-0

[Event "RUS-ch blitz (Women)"]
[Site "Sochi"]
[Date "2018.10.07"]
[Round "5.4"]
[White "Tomilova, Elena"]
[Black "Sirotkina, Nina"]
[Result "1/2-1/2"]
[WhiteElo "2328"]
[BlackElo "2188"]
[PlyCount "90"]
[EventDate "2018.10.07"]
[EventType "swiss (blitz)"]
[EventRounds "20"]
[EventCountry "RUS"]
[SourceTitle "CBM 186 Extra"]
[Source "ChessBase"]
[SourceDate "2018.08.24"]
[SourceVersion "1"]
[SourceVersionDate "2018.08.24"]
[SourceQuality "1"]

1. d4 Nf6 2. Bg5 d5 3. e3 e6 4. Nd2 Be7 5. Bd3 0-0 6. f4 c5 7. c3 b6 8. Ngf3 Ba6 9. Bxa6 Nxa6 10. Qe2 Nc7 11. 0-0 Nce8 12. Ne5 Rc8 13. a4 Nd6 14. Bxf6 Bxf6 15. h3 Be7 16. Kh1 f6 17. Nef3 Qd7 18. e4 dxe4 19. Nxe4 Nf5 20. Rfd1 Qc6 21. Kh2 Rfd8 22. dxc5 bxc5 23. Nf2 Kf7 24. Ng4 Bd6 25. g3 Re8 26. Ne3 Nxe3 27. Qxe3 Rcd8 28. a5 Bc7 29. Re1 Rd5 30. Qe4 Qd7 31. Qxh7 Rd3 32. Qe4 Rd8 33. Re2 Qd5 34. Rae1 Rxf3 35. Qh7 Re8 36. h4 Rd3 37. h5 Rd2 38. Qg6+ Kf8 39. h6 Rxe2+ 40. Rxe2 gxh6 41. Qxf6+ Kg8 42. Qg6+ Kf8 43. Qf6+ Kg8 44. Qg6+ Kf8 45. Qf6+ Kg8 1/2-1/2